Usabilidad web. Teoría y uso
Saved in:
| Hovedforfatter: | |
|---|---|
| Format: | Ukendt |
| Sprog: | engelsk |
| Udgivet: |
Madrid, España.
Ra-Ma,
2018
|
| Fag: | |
| Tags: |
Tilføj Tag
Ingen Tags, Vær først til at tagge denne postø!
|
MARC
| LEADER | 00000 a2200000 4500 | ||
|---|---|---|---|
| 003 | CL-VaPUC | ||
| 005 | 20250103145903.0 | ||
| 008 | 211115b2018 ||||| |||| 00| 0 eng d | ||
| 999 | |c 434071 |d 434069 | ||
| 020 | |a 978-84-9964-735-7 | ||
| 040 | |c Pontificia Universidad Católica de Valparaíso | ||
| 082 | |a 006.7019 FER 2018 |2 22 | ||
| 100 | 1 | |a Fernández Casado, Pablo E. |9 864431 |e autor | |
| 245 | 1 | |a Usabilidad web. |b Teoría y uso | |
| 260 | |a Madrid, España. |b Ra-Ma, |c 2018 | ||
| 300 | |a 253 páginas | ||
| 583 | |k Cristina María Rojas Aguilar |c 20211115 | ||
| 650 | 0 | |a Sitios web |x Diseño |9 460836 | |
| 942 | |2 ddc |c BK | ||
| 952 | |0 0 |1 0 |2 ddc |4 0 |6 006_701900000000000_FER_2018 |7 0 |8 A |9 579307 |a BIBING |b BIBING |d 2021-11-15 |e 15 |g 19468.00 |i 5626560 |o 006.7019 FER 2018 |p 5626560 |r 2025-01-20 |t 1 |v 19468.00 |w 2021-11-15 |y BK |k CCI | ||